Investment should lead to profitability on a rented farm (Record no. 72130)

MARC details
000 -LEADER
fixed length control field 00949cam a2200217 4500
001 - CONTROL NUMBER
control field X121391
008 - FIXED-LENGTH DATA ELEMENTS--GENERAL INFORMATION
fixed length control field 030219n2003 000 0 eng u
035 ## - SYSTEM CONTROL NUMBER
System control number (Sirsi) u121391
100 ## - MAIN ENTRY--PERSONAL NAME
Personal name James, D.
245 ## - TITLE STATEMENT
Title Investment should lead to profitability on a rented farm
260 ## - PUBLICATION, DISTRIBUTION, ETC.
Date of publication, distribution, etc. 2003
490 ## - SERIES STATEMENT
Series statement Farmers' Weekly
Volume/sequential designation 138(7) 14 February 2003, 38(1)
520 ## - SUMMARY, ETC.
Summary, etc. Organic milk producer, Alex Holland, advocates investing money to boost profits on a rented farm even when the tenancy is short term. Outlines the changes in farming initiated by going from arable farming to organic milk production in order to improve productivity and profitability and also his practical experience.
650 ## - SUBJECT ADDED ENTRY--TOPICAL TERM
Topical term or geographic name entry element PROPERTY-LANDLORD AND TENANT-TENANCIES-AGRICULTURAL TENANCIES
650 ## - SUBJECT ADDED ENTRY--TOPICAL TERM
Topical term or geographic name entry element INVESTMENT
650 ## - SUBJECT ADDED ENTRY--TOPICAL TERM
Topical term or geographic name entry element ORGANIC FARMING
650 ## - SUBJECT ADDED ENTRY--TOPICAL TERM
Topical term or geographic name entry element MILK PRODUCTION
650 ## - SUBJECT ADDED ENTRY--TOPICAL TERM
Topical term or geographic name entry element SHORT TERM TENANCIES
690 ## - LOCAL SUBJECT ADDED ENTRY--TOPICAL TERM (OCLC, RLIN)
Topical term or geographic name as entry element RURAL-FARM BUSINESS MANAGEMENT
942 ## - ADDED ENTRY ELEMENTS (KOHA)
Suppress in OPAC 0
Holdings
Withdrawn status Lost status Source of classification or shelving scheme Damaged status Not for loan Home library Current library Shelving location Date acquired Total Checkouts Full call number Barcode Date last seen Copy number Price effective from Koha item type
    Dewey Decimal Classification     London London Journal article 19/02/2003   X121391 121391-1001 06/08/2019 1 06/08/2019 Journal article